000 00832cam a2200217 4500
008 000000n2000 000 0 eng u
035 _a(Sirsi) u107312
245 _aSigns not good for estate agents
260 _c2000
490 _aEvening Standard
_v 21 July 2000, 50(1)
520 _aSuggests the latest Halifax regional house price index confirms the property boom has come to an end. Considers the services offered by a number of property search sites, which bring homebuyers and sellers together, and the threat they pose to the future of the estate agent.
590 _aWB
650 _aESTATE AGENTS
650 _aHOUSE PRICES
650 _aPROPERTY SEARCH SITES
650 _aPROPERTYFINDER
650 _aPROPWATCH
650 _aBRADFORD & BINGLEY
690 _aINFORMATION TECHNOLOGY-INTERNET
942 _n0
999 _c64161
_d64161